| 000 | 005210000a22001810004500 | ||
|---|---|---|---|
| 003 | MACL | ||
| 005 | 20160407140611.0 | ||
| 008 | 160407b xxu||||| |||| 00| 0 eng d | ||
| 040 |
_aMACL _cMACL |
||
| 041 | _aHindi | ||
| 082 | _a370 | ||
| 100 |
_aलेव टॉल्स्टॉय _950868 |
||
| 245 | _aशिक्षा के प्रयोग | ||
| 260 |
_bजनवाणी प्रकाशन _c1998 _aदिल्ली |
||
| 350 | _a150 | ||
| 650 |
_aEducation _951003 |
||
| 942 |
_cHIN _k370 _2ddc |
||
| 999 |
_c9518 _d9518 |
||